00784nam a2200229 a 450000100060000000300080000600500170001400800410003102000420007203500190011404000270013304100080016008200240016824500670019226001070025930000340036650000220040050400300042265000170045265000350046970000500050467111BD-RjUL20211209081621.0170322s1984 ne a b 001 0 eng  a044442301X (U.S.) :cfl 180.00 (est.) a(BD-RjUL)67242 aDLCcDLCdBD-RjULbeng aeng00a639.3223bBIO 198410aBioeconomics of aquaculture /cP. Geoffrey Allen ... [et al.]. aNew York :aNew York, N.Y. :bDistributors for the U.S. and Canada, Elsevier Science Pub. Co.,cc1984. axvi, 351 p. :bill. ;c25 cm. aIncludes indexes. aBibliography: p. 323-339. 0aAquaculture. 0aAquaculturexEconomic aspects.1 aAllen, P. Geoffreyq(Philip Geoffrey),d1942-